Quản lý ngân sách xã, phường, thị trấn
Saved in:
| Main Author: | |
|---|---|
| Format: | Book |
| Language: | Undetermined |
| Published: |
Hà Nội
Tài Chính
2001
|
| Subjects: | |
| Tags: |
Add Tag
No Tags, Be the first to tag this record!
|
| Institutions: | Trung tâm Học liệu Trường Đại học Cần Thơ |
|---|
| LEADER | 00513nam a2200169Ia 4500 | ||
|---|---|---|---|
| 001 | CTU_45565 | ||
| 008 | 210402s9999 xx 000 0 und d | ||
| 082 | |a 352.4 | ||
| 082 | |b B450 | ||
| 100 | |a Bộ Tài chính | ||
| 245 | 0 | |a Quản lý ngân sách xã, phường, thị trấn | |
| 245 | 0 | |c Bộ Tài chính | |
| 260 | |a Hà Nội | ||
| 260 | |b Tài Chính | ||
| 260 | |c 2001 | ||
| 650 | |a finance, public - vietnam - management | ||
| 980 | |a Trung tâm Học liệu Trường Đại học Cần Thơ | ||